| 000 | 02067pam a2200529 a 4500 | ||
|---|---|---|---|
| 001 | sjds340401 | ||
| 003 | sjds | ||
| 005 | 20170625171117.0 | ||
| 008 | 061024s2007 caua b 000 0 eng | ||
| 010 | _a 2006034846 | ||
| 020 | _a9780811859714 (trade bdg.) | ||
| 020 | _a0811859711 (trade bdg.) | ||
| 020 | _a9780811859721 (pbk.) | ||
| 020 | _a081185972X (pbk.) | ||
| 020 | _a9781428754850 (BWI bdg.) | ||
| 020 | _a1428754857 (BWI bdg.) | ||
| 035 | _a(OCoLC)76939859 | ||
| 040 |
_aDLC _cDLC _dBKX _dBTCTA _dBAKER _dUKM _dUtOrBLW |
||
| 041 | 1 |
_aeng _aspa _hcat |
|
| 049 | _aIFAA | ||
| 099 | _aCHILDREN ESPANOL 398.2 CARRASCO 2007 | ||
| 999 |
_c17730 _d17730 |
||
| 999 | _bCHILDREN ESPANOL 398.2 CARRASCO 2007 | ||
| 100 | 1 | _aCarrasco, Xavier. | |
| 245 | 1 | 0 |
_aRumpelstiltskin = _bRumpelstiltskin / _cadaptation by Xavier Carrasco ; illustrated by Francesc Infante. |
| 246 | 3 | 1 | _aRumpelstiltskin |
| 260 |
_aSan Francisco : _bChronicle Books, _c2007. |
||
| 264 | 1 |
_aSan Francisco : _bChronicle Books, _c2007. |
|
| 300 |
_a1 volume (unpaged) : _bcolor illustrations ; _c22 cm |
||
| 336 |
_atext _btxt _2rdacontent |
||
| 337 |
_aunmediated _bn _2rdamedia |
||
| 338 |
_avolume _bnc _2rdacarrier |
||
| 500 | _a"A bilingual book!" | ||
| 520 | _aA strange little man helps the miller's daughter spin straw into gold for the king on the condition that she will give him her first-born child. | ||
| 521 | 8 |
_a750 _bLexile |
|
| 526 | 0 |
_aAccelerated Reader _bLG _c3.8 _d0.5 _z115387 |
|
| 546 | _aText in English and Spanish. | ||
| 650 | 0 | _aFairy tales. | |
| 650 | 0 |
_aFolklore _zGermany _vJuvenile literature. |
|
| 650 | 0 |
_aSpanish language materials _xBilingual _vJuvenile literature. |
|
| 650 | 7 |
_aCuentos de hadas _vLiteratura juvenil. _2bidex |
|
| 650 | 7 |
_aFolklore _zAlemania _vLiteratura juvenil. _2bidex |
|
| 650 | 7 |
_aMateriales bilingües en español _vLiteratura juvenil. _2bidex |
|
| 700 | 1 | 2 |
_aCarrasco, Xavier. _tEnano Saltarin. _lEnglish. |
| 700 | 1 |
_aInfante, Francesc, _d1956- _eillustrator. |
|
| 730 | 0 |
_aRumpelstiltskin (Folk tale). _lEnglish & Spanish. |
|
| 942 |
_2ddc _cBK |
||